Cryonics: Death in the Deep Freeze (Record no. 335026)
[ view plain ]
| 000 -LEADER | |
|---|---|
| fixed length control field | 00550nam a2200097Ia 4500 |
| 008 - FIXED-LENGTH DATA ELEMENTS--GENERAL INFORMATION | |
| fixed length control field | 170517s9999 xx 000 0 und d |
| 245 ## - TITLE STATEMENT | |
| Title | Cryonics: Death in the Deep Freeze |
| 300 ## - PHYSICAL DESCRIPTION | |
| Extent | The first ever footage of a person being cryonically frozen is to be broadcast in a Channel Five documentary that will follow a woman who is terminally ill with cancer before and after her death. We're really very proud of what we have achieved with this programme -... |
| 650 ## - SUBJECT ADDED ENTRY--TOPICAL TERM | |
| General subdivision | Technology. |
| 856 ## - ELECTRONIC LOCATION AND ACCESS | |
| Uniform Resource Identifier | <a href="http://topdocumentaryfilms.com/cryonics-death-deep-freeze/">http://topdocumentaryfilms.com/cryonics-death-deep-freeze/</a> |
| Withdrawn status | Lost status | Damaged status | Home library | Current library | Date acquired | Total Checkouts | Date last seen | Price effective from | Koha item type |
|---|---|---|---|---|---|---|---|---|---|
| College Library | College Library | 05/17/2017 | 05/17/2017 | 05/17/2017 | Documentary Films |